00466nam a2200169Ia 4500003000400000008004100004040001600045082001300061100001900074245009700093260003200190300001000222650000900232650001700241650001500258650002300273GCL140319s9999 xx 000 0 eng d aGCL / cGCL04a709bB C1 aBAZIN, GERMAIN10aA CONCISE HISTORY OF ART, PART II FROM THE RENAISSANCE TO THE PRESENT DAY / cBAZIN, GERMAIN a[S.N] : bTHAMES AND HUDSON a543 P04aARTS04aART, HISTORY04aMODERN ART04aRENAISSANCE PERIOD